书目信息 |
| 题名: |
法国
|
|
| 作者: | ;中央电视台《大国崛起》节目组 编著 | |
| 分册: | ||
| 出版信息: | 北京 中国民主法制出版社 2006 |
|
| 页数: | 239页 | |
| 开本: | 24cm | |
| 丛书名: | 大国崛起 | |
| 单 册: | ||
| 中图分类: | K565.09 | |
| 科图分类: | ||
| 主题词: | ||
| 电子资源: | ||
| ISBN: | 7-80219-110-6 | |
| 000 | 00927oam2 2200253 450 | |
| 001 | 010012006099056 | |
| 005 | 20070803144210.70 | |
| 010 | @a7-80219-110-6@dCNY45.00,CNY346.00(全8册) | |
| 100 | @a20070126d2006 em y0chiy0110 ea | |
| 101 | 0 | @achi |
| 102 | @aCN@b110000 | |
| 105 | @aa z 000yy | |
| 200 | 1 | @a法国@9fa guo@f中央电视台《大国崛起》节目组编著 |
| 210 | @a北京@c中国民主法制出版社@d2006 | |
| 215 | @a239页@c图@d24cm | |
| 225 | 2 | @a大国崛起 |
| 330 | @a全书以法国为解读对象,展现了该国在不同时期内完成的强国历程。主要分百年战争、宗教战争、路易十四、启蒙运动、大革命、一代天骄、百年动荡、戴高乐八大部分。 | |
| 461 | 0 | @12001 @a大国崛起@1701 0@a任学安@4主编 |
| 510 | 1 | @aFrance@zeng |
| 607 | @a法国@x历史@j通俗读物 | |
| 690 | @aK565.09@v4 | |
| 711 | 02 | @a中央电视台《大国崛起》节目组@9zhong yang dian shi tai《 da guo jue qi》 jie mu zu@4编著 |
| 801 | 0 | @aCN@bRENTIAN@c20070803 |
| 905 | @a10447@dK565.09@e34 | |
| 法国/中央电视台《大国崛起》节目组编著.-北京:中国民主法制出版社,2006 |
| 239页:图;24cm.-(大国崛起) |
| ISBN 7-80219-110-6:CNY45.00,CNY346.00(全8册) |
| 全书以法国为解读对象,展现了该国在不同时期内完成的强国历程。主要分百年战争、宗教战争、路易十四、启蒙运动、大革命、一代天骄、百年动荡、戴高乐八大部分。 |
| ● |
| 相关链接 |
|
|
|
|
正题名:法国
索取号:K565.09/34
 
预约/预借
| 序号 | 登录号 | 条形码 | 馆藏地/架位号 | 状态 | 备注 |
| 1 | 0801844 | 208018447 | 第二样本阅览室/ [索取号:K565.09/34] | 在馆 | |
| 2 | 0801845 | 208018456 | 第二借阅区/ [索取号:K565.09/34] | 在馆 | |
| 3 | 0801846 | 208018465 | 第二借阅区/ [索取号:K565.09/34] | 在馆 |